[Event "Canadian op"]
[Site "Calgary"]
[Date "2023.07.26"]
[Round "6"]
[White "Gao, Raymond"]
[Black "Sharma, Vishruth"]
[Result "1-0"]
[WhiteElo "1964"]
[BlackElo "1875"]
[PlyCount "127"]
[EventDate "2023.07.22"]
[EventType "swiss"]
[EventRounds "10"]
[EventCountry "CAN"]
[SourceTitle "EXT 2024"]
[Source "ChessBase"]
[SourceDate "2023.10.10"]
[SourceVersion "1"]
[SourceVersionDate "2023.10.10"]
[SourceQuality "1"]

1. e4 e5 2. Nf3 Nc6 3. d4 exd4 4. Bc4 Nf6 5. e5 d5 6. Bb5 Ne4 7. Nxd4 Bd7 8. Bxc6 bxc6 9. 0-0 Bc5 10. f3 Ng5 11. Be3 Bb6 12. f4 Ne4 13. Nd2 c5 14. N4f3 Nxd2 15. Qxd2 d4 16. Bf2 Bc6 17. Bh4 Qd7 18. Rad1 0-0 19. f5 Qxf5 20. Nxd4 Qe4 21. Nxc6 Qxc6 22. Qd7 c4+ 23. Kh1 Qe6 24. Be7 Rfe8 25. Qxe6 fxe6 26. Rd7 Bd4 27. Rxd4 Rxe7 28. Rxc4 Rb8 29. Rd4 h6 30. b3 Rb5 31. Re1 Ra5 32. a4 Rd5 33. c3 Red7 34. Red1 Kf7 35. b4 Rxd4 36. cxd4 Kg6 37. Kg1 Kf5 38. Kf2 Ke4 39. Rc1 Rf7+ 40. Kg3 Kxd4 41. Rc5 g6 42. h4 Ke4 43. Ra5 c6 44. Rc5 Rb7 45. Rxc6 Kxe5 46. b5 Kd5 47. Kf4 Rf7+ 48. Ke3 g5 49. h5 Rh7 50. Rc8 Rf7 51. Rh8 Rf4 52. a5 Ra4 53. a6 Ra3+ 54. Ke2 Rb3 55. Rxh6 Rxb5 56. Rh7 Rb2+ 57. Kf3 Ke5 58. Rxa7 Rb8 59. Rb7 Ra8 60. a7 Kf6 61. h6 Kf5 62. h7 g4+ 63. Ke3 Kg6 64. h8Q 1-0

[Event "PNWCC Online Masters Artist Point"]
[Site "Chess.com INT"]
[Date "2020.09.07"]
[Round "7"]
[White "Sharma, Vishruth"]
[Black "Eswaran, Ashritha"]
[Result "0-1"]
[WhiteElo "1766"]
[BlackElo "2244"]
[PlyCount "74"]
[EventDate "2020.09.05"]
[EventType "swiss"]
[EventRounds "9"]
[EventCountry "USA"]
[SourceTitle "CBM 198 Extra"]
[Source "ChessBase"]
[SourceDate "2020.11.30"]
[SourceVersion "1"]
[SourceVersionDate "2020.11.30"]
[SourceQuality "1"]

1. e4 c5 2. Nf3 a6 3. c4 e6 4. d4 cxd4 5. Nxd4 d6 6. Nc3 b6 7. Be3 Bb7 8. Be2 Nf6 9. Qc2 Be7 10. 0-0 0-0 11. f4 Nbd7 12. Bf3 Qc7 13. b3 Rac8 14. Rac1 Qb8 15. g4 b5 16. g5 Ne8 17. cxb5 axb5 18. Ndxb5 Ba6 19. Qd3 Rxc3 20. Qxc3 Bxb5 21. Rf2 Nc5 22. Rd2 Qa8 23. Rd4 f5 24. Qc2 Bc6 25. Qc4 Bxe4 26. Bxe4 fxe4 27. b4 d5 28. Qb5 Nd3 29. Rc6 Nd6 30. Qb6 Nf5 31. Rxd3 exd3 32. Rxe6 Qxa2 33. Re5 Nxe3 34. Qe6+ Kh8 35. Rxe3 d2 36. Qxe7 d1Q+ 37. Re1 Qg4+ 0-1

[Event "PNWCC Online Masters Artist Point"]
[Site "Chess.com INT"]
[Date "2020.09.05"]
[Round "3"]
[White "Sharma, Vishruth"]
[Black "Ivanov, Mike"]
[Result "0-1"]
[WhiteElo "1766"]
[BlackElo "2195"]
[PlyCount "58"]
[EventDate "2020.09.05"]
[EventType "swiss"]
[EventRounds "9"]
[EventCountry "USA"]
[SourceTitle "CBM 198 Extra"]
[Source "ChessBase"]
[SourceDate "2020.11.30"]
[SourceVersion "1"]
[SourceVersionDate "2020.11.30"]
[SourceQuality "1"]

1. e4 e6 2. d4 d5 3. Nc3 Bb4 4. e5 c5 5. a3 Bxc3+ 6. bxc3 Ne7 7. Qg4 cxd4 8. Qxg7 Rg8 9. Qxh7 Nbc6 10. Nf3 Qc7 11. Bf4 Bd7 12. Qd3 Rg4 13. g3 Ng6 14. cxd4 Nxf4 15. gxf4 Rxf4 16. Be2 0-0-0 17. h4 f6 18. exf6 e5 19. dxe5 Nxe5 20. Nxe5 Qxe5 21. Kd2 Rd4 22. h5 Bf5 23. Qxd4 Qxd4+ 24. Bd3 Bxd3 25. cxd3 Qb2+ 26. Ke3 Re8+ 27. Kf3 Qxf6+ 28. Kg2 Rg8+ 29. Kf1 Qxa1+ 0-1

[Event "Kingston Easter U1900"]
[Site "Kingston"]
[Date "2019.04.21"]
[Round "7.27"]
[White "Bond, Hal"]
[Black "Sharma, Vishruth"]
[Result "1-0"]
[WhiteElo "1644"]
[BlackElo "1745"]
[PlyCount "59"]
[EventDate "2019.04.18"]
[EventType "swiss"]
[EventRounds "9"]
[EventCountry "CAN"]
[SourceTitle "EXT 2022"]
[Source "ChessBase"]
[SourceDate "2021.10.06"]
[SourceVersion "1"]
[SourceVersionDate "2021.10.06"]
[SourceQuality "1"]

1. e4 e5 2. f4 Nf6 3. Nc3 d6 4. Nf3 exf4 5. d4 g6 6. Bxf4 Bg7 7. Bc4 0-0 8. 0-0 c6 9. Bxd6 Qxd6 10. e5 Qd8 11. exf6 Bxf6 12. Ne4 Bg7 13. c3 Bf5 14. Ng3 Bg4 15. Qb3 b5 16. Bxf7+ Kh8 17. Ne5 Bxe5 18. dxe5 Nd7 19. Rae1 Qe7 20. Qb4 Rxf7 21. Rxf7 Qxf7 22. Qxg4 Nc5 23. e6 Qe7 24. Qd4+ Kg8 25. Qg4 Re8 26. Nf5 Qf6 27. Nd4 Nd3 28. Rf1 Qe5 29. Qf3 Kg7 30. Qxd3 1-0

[Event "Kingston Easter U1900"]
[Site "Kingston"]
[Date "2019.04.20"]
[Round "5.31"]
[White "Landstrom, William"]
[Black "Sharma, Vishruth"]
[Result "0-1"]
[WhiteElo "1583"]
[BlackElo "1745"]
[PlyCount "78"]
[EventDate "2019.04.18"]
[EventType "swiss"]
[EventRounds "9"]
[EventCountry "CAN"]
[SourceTitle "EXT 2022"]
[Source "ChessBase"]
[SourceDate "2021.10.06"]
[SourceVersion "1"]
[SourceVersionDate "2021.10.06"]
[SourceQuality "1"]

1. e4 e5 2. Nf3 Nc6 3. Bc4 Bc5 4. c3 Nf6 5. d3 0-0 6. 0-0 h6 7. Be3 Bb6 8. Bb3 d6 9. h3 Re8 10. Nbd2 Be6 11. Bc2 d5 12. d4 exd4 13. Nxd4 Nxd4 14. cxd4 dxe4 15. Nxe4 Bc4 16. Nxf6+ Qxf6 17. Re1 Rad8 18. Qg4 Be6 19. Qe4 c6 20. Rad1 g6 21. Qd3 h5 22. Qd2 Rd7 23. Bg5 Qxd4 24. Qxd4 Rxd4 25. Rxd4 Bxd4 26. b3 Kg7 27. Rd1 c5 28. Be3 Bxe3 29. fxe3 h4 30. Kf2 Kf6 31. Kf3 Ke5 32. Rd3 b6 33. Rc3 Rd8 34. Bd3 g5 35. Ke2 Bd5 36. e4 Bb7 37. Ke3 Rd4 38. Rc4 Rxc4 39. bxc4 f5 0-1

[Event "Alberta op"]
[Site "Edmonton"]
[Date "2017.10.08"]
[Round "3"]
[White "Sharma, Vishruth"]
[Black "Zhao, Ian"]
[Result "0-1"]
[WhiteElo "1495"]
[BlackElo "1742"]
[PlyCount "46"]
[EventDate "2017.10.07"]
[EventType "swiss"]
[EventRounds "6"]
[EventCountry "CAN"]
[SourceTitle "EXT 2019"]
[Source "ChessBase"]
[SourceDate "2018.10.10"]
[SourceVersion "1"]
[SourceVersionDate "2018.10.10"]
[SourceQuality "1"]

1. e4 e5 2. Nf3 Nc6 3. Bc4 Bc5 4. b4 Bxb4 5. c3 Ba5 6. 0-0 Nf6 7. d4 d6 8. d5 Ne7 9. Qa4+ c6 10. dxc6 Nxc6 11. Rd1 0-0 12. Bb5 Qc7 13. Ba3 Rd8 14. Nbd2 d5 15. exd5 Nxd5 16. Ne4 Bf5 17. c4 Bxe4 18. cxd5 Bxd5 19. Nd2 a6 20. Be2 Nd4 21. Bf1 b5 22. Rac1 bxa4 23. Rxc7 Bxc7 0-1

[Event "Canadian op U1800"]
[Site "Sault Ste Marie"]
[Date "2017.07.13"]
[Round "6.48"]
[White "Clarke, Brian"]
[Black "Sharma, Vishruth"]
[Result "0-1"]
[WhiteElo "1690"]
[BlackElo "1719"]
[PlyCount "74"]
[EventDate "2017.07.08"]
[EventType "swiss"]
[EventRounds "9"]
[EventCountry "CAN"]
[SourceTitle "EXT 2022"]
[Source "ChessBase"]
[SourceDate "2021.10.06"]
[SourceVersion "1"]
[SourceVersionDate "2021.10.06"]
[SourceQuality "1"]

1. d4 Nf6 2. Bf4 g6 3. Nc3 Bg7 4. Qd2 0-0 5. Bh6 d6 6. Nf3 Re8 7. Bxg7 Kxg7 8. 0-0-0 Nbd7 9. e4 e5 10. dxe5 Nxe5 11. h3 a6 12. Be2 b5 13. Qf4 Qe7 14. g4 Nxf3 15. Bxf3 Bb7 16. g5 Nd7 17. h4 Qe5 18. Qg4 Nc5 19. h5 b4 20. Nd5 Na4 21. hxg6 Qxb2+ 22. Kd2 hxg6 23. Nf6 Rh8 24. Rxh8 Rxh8 25. Rh1 Qc3+ 26. Ke2 Qxc2+ 27. Ke3 Rxh1 28. Bxh1 Qc1+ 29. Ke2 Nc3+ 30. Kd3 Qxh1 31. Qd7 Bxe4+ 32. Kc4 Qf1+ 33. Kxb4 Nxa2+ 34. Ka5 Qe1+ 35. Kxa6 Nb4+ 36. Ka5 Nc6+ 37. Ka4 Qb4# 0-1

[Event "Canadian op U1800"]
[Site "Sault Ste Marie"]
[Date "2017.07.12"]
[Round "4.48"]
[White "Huang, Youhe"]
[Black "Sharma, Vishruth"]
[Result "1-0"]
[WhiteElo "1448"]
[BlackElo "1719"]
[PlyCount "83"]
[EventDate "2017.07.08"]
[EventType "swiss"]
[EventRounds "9"]
[EventCountry "CAN"]
[SourceTitle "EXT 2022"]
[Source "ChessBase"]
[SourceDate "2021.10.06"]
[SourceVersion "1"]
[SourceVersionDate "2021.10.06"]
[SourceQuality "1"]

1. e4 e5 2. Nf3 Nc6 3. Bb5 a6 4. Ba4 Nf6 5. 0-0 d6 6. Re1 Be7 7. c3 Bg4 8. h3 Bh5 9. d3 0-0 10. Nbd2 b5 11. Bb3 Na5 12. Bc2 c5 13. Nf1 Nc6 14. Ne3 b4 15. Nf5 Bg6 16. N3h4 Nd7 17. Qg4 Bxh4 18. Nxh4 Nf6 19. Qd1 bxc3 20. bxc3 d5 21. Nxg6 hxg6 22. Ba4 Qc7 23. f4 exf4 24. Bxf4 Qc8 25. e5 Nh5 26. Qf3 Nxf4 27. Qxf4 d4 28. Bxc6 Qxc6 29. cxd4 cxd4 30. Qxd4 Rfd8 31. Qc4 Qxc4 32. dxc4 Rac8 33. Rac1 Rd2 34. c5 Kf8 35. e6 Rxa2 36. e7+ Ke8 37. c6 Rb2 38. Red1 Kxe7 39. Rd7+ Ke8 40. Re1+ Kf8 41. c7 Re8 42. Rxe8+ 1-0